000 00229nam a22000977a 4500
999 _c262814
_d262813
020 _a9780142407790
100 _aVeronica Chambers
245 _aCelia Cruz, queen of salsa
260 _aNew York
_bPenguin Group
_c2005
942 _cBK